000 00400pab a2200157 454500
008 180718b2003 xxu||||| |||| 00| 0 eng d
100 _aNayar, K.R.
245 _aCooperatising medical care: a leap in the dark
260 _c2003
300 _ap.2121-122.
362 _a31 May
650 _aHealth services
700 _aRazum, Oliver
773 _aEconomic and Political Weekly
909 _a56858
999 _c56858
_d56858